header

Project scheduling and cost control (Record no. 140864)

MARC details
000 -LEADER
fixed length control field 01654nam a2200349 a 4500
082 04 - DEWEY DECIMAL CLASSIFICATION NUMBER
Classification number 658.4/04
100 1# - MAIN ENTRY--AUTHOR NAME
Personal name Taylor, James,
245 10 - TITLE STATEMENT
Title Project scheduling and cost control
260 ## - PUBLICATION, DISTRIBUTION, ETC. (IMPRINT)
Place of publication Ft. Lauderdale, Fla. :
Name of publisher J. Ross Pub.,
Year of publication c2008.
300 ## - PHYSICAL DESCRIPTION
Number of Pages xxiii, 288 p. :
Other physical details ill.
500 ## - GENERAL NOTE
General note Includes index.
505 0# - FORMATTED CONTENTS NOTE
Formatted contents note Introduction -- Identifying and developing customer requirements -- Work breakdown structure and baseline development -- Scheduling -- Cost categories -- Estimating and budget determination -- Planning the project -- The implementation phase -- Monitoring and control -- Understanding the project change process -- Successfully closing the project.
650 #0 - SUBJECT ADDED ENTRY--TOPICAL TERM
Topical Term Project management.
Topical Term Production scheduling.
Topical Term Cost control.
856 40 - ELECTRONIC LOCATION AND ACCESS
Uniform Resource Identifier http://site.ebrary.com/lib/rucke/Doc?id=10520053

No items available.

© 2026 Rongo University
Contact us: librarian | system librarian | Rongo university